Temas del Barroco (Record no. 112010)

MARC details
000 -LEADER
campo de control de longitud fija 00656nam a2200193 4500
001 - NÚMERO DE CONTROL
campo de control 112010
003 - IDENTIFICADOR DE NÚMERO DE CONTROL
campo de control ES-MaACL
005 - FECHA Y HORA DE LA ÚLTIMA TRANSACCIÓN
campo de control 20240424063051.0
007 - CAMPO FIJO DE DESCRIPCIÓN FÍSICA--INFORMACIÓN GENERAL
campo de control de longitud fija t|
008 - DATOS DE LONGITUD FIJA--INFORMACIÓN GENERAL
campo de control de longitud fija 061121s1947 sp r ||||1| spa d
100 0# - ENTRADA PRINCIPAL--NOMBRE DE PERSONA
Nombre de persona Orozco Díaz, Emilio,
Fechas asociadas al nombre 1909-1987
9 (RLIN) 87342
245 10 - MENCIÓN DEL TÍTULO
Título Temas del Barroco
Resto del título : de poesía y pintura /
Mención de responsabilidad, etc. Emilio Orozco Díaz.
260 ## - PUBLICACIÓN, DISTRIBUCIÓN, ETC.
Lugar de publicación, distribución, etc. Granada :
Nombre del editor, distribuidor, etc. Universidad,
Fecha de publicación, distribución, etc. 1947.
300 ## - DESCRIPCIÓN FÍSICA
Extensión LXI, 190 p., 8 lám. ;
Dimensiones 25 cm.
500 ## - NOTA GENERAL
Nota general Es anejo del Boletín de la Universidad de Granada. Estudios y Ensayos III.
710 2# - ENTRADA AGREGADA--NOMBRE DE ENTIDAD CORPORATIVA
Nombre de entidad corporativa o nombre de jurisdicción como elemento de entrada Universidad de Granada.
9 (RLIN) 7176
852 ## - LOCALIZACIÓN
Ubicación ES-MaACL
Número de control de estantería D-6847
Sublocalización o colección R.29499
Holdings
Estatus retirado Estado de pérdida Estado de daño No para préstamo Biblioteca de origen Biblioteca actual Ubicación en estantería Fecha de adquisición Fuente de adquisición Total de préstamos Signatura topográfica completa Código de barras Visto por última vez Precio de reemplazo Tipo de ítem Koha
        Biblioteca del Ateneo de Madrid Biblioteca del Ateneo de Madrid Sala Valle Inclán 17/01/2008     D-6847 901116838 23/02/2023 23/02/2023 Libro impreso